Normal view
MARC view
Entry Topical Term
001 - CONTROL NUMBER
- control field: 53379
003 - CONTROL NUMBER IDENTIFIER
- control field: dpl
005 - DATE AND TIME OF LATEST TRANSACTION
- control field: 20121026160559.0
008 - FIXED-LENGTH DATA ELEMENTS
- fixed length control field: 121026|||a|||||| | ||| d
040 ## - CATALOGING SOURCE
- Original cataloging agency: dpl
- Transcribing agency: dpl
150 ## - HEADING--TOPICAL TERM
- Topical term or geographic name as entry element: Client/server computing.
670 ## - SOURCE DATA FOUND
- Source citation: Work cat.: (dpl)0: Petković, Dušan. 53377, Microsoft SQL Server 2012 :, c2012.
670 ## - SOURCE DATA FOUND
- Source citation: Work cat.: (dpl)0: Petković, Dušan. 53377, Microsoft SQL Server 2012 :, c2012.
